000 00506nam a2200181 i 4500
001 107053
003 ES-MaACL
005 20230906184334.0
007 t|
008 061121s1972 sp r ||||1| spa d
080 _a821.134.2-31"19"
100 1 _aMorales, Emilio.
_982981
245 1 4 _aUna mujer sin escrúpulos /
_cEmilio Morales.
250 _a1ª ed.
260 _aBilbao :
_b[s.n.],
_c1972 (
_fTalleres Gráf. El Noticiero Bilbaíno)
300 _a343 p. ;
_c20 cm.
852 4 _aES-MaACL
_jC-51736
999 _c107053
_d107053